Tanzania City Quiz - Statistics

General Stats
  • This quiz has been taken 21 times
  • The average score is 5 of 13
Answer Stats
City % Correct
Dar es Salaam
100%
Dodoma
89%
Arusha
58%
Mwanza
53%
Tanga
47%
Zanzibar
47%
Mbeya
42%
Morogoro
42%
Songea
26%
Kahama
11%
Geita
5%
Bariadi
0%
Kibaha
0%
No matching quizzes found
Score Distribution
Percent of People with Each Score
Percentile by Number Answered
Your Score History
You have not taken this quiz